Scooby Doo Movie - Statistics

General Stats
  • This quiz has been taken 216 times
  • The average score is 8 of 17
Answer Stats
Hint Answer % Correct
Name of the island Spooky Island
85%
What is Scooby disguised as to get on the plane? Grandma
80%
Who does the pure soul belong to? Scooby Doo
75%
What is their vehicle called? The Mystery Machine
74%
Who is the leader actually? Scrappy Doo
71%
What kind of competition are Shaggy and Scooby having when Daphne walks in? Farting
68%
What girl does Shaggy like? Mary Jane
59%
Shaggy's real name Norville Rogers
49%
How many years will the demons rule if the leader absorbs a pure soul? 10,000
41%
Where does Velma say she was working when seeing Fred at the airport? NASA
41%
What are Shaggy and Scooby eating at the very end? Hot Peppers
40%
What is Fred's book called? Fred on Fred: The Many Faces of Me
30%
Who kidnaps Daphne at the beginning? Luna Ghost
29%
Pyramid-shaped artifact Daemon Ritus
15%
What is the evil leader's name? Emile Mondavarious
11%
Who does Daphne fight? Zarkos
5%
What is the second movie called? Scooby Doo 2: Monsters Released
2%
No matching quizzes found
Score Distribution
Percent of People with Each Score
Percentile by Number Answered
Your Score History
You have not taken this quiz